000
00207 a2200097 4500
001
47753
100
_a
Lascelles R
245
_a
Atlas of the moon
260
_a
London
_b
Macmillan
_c
090
_c
30755
_d
30755
942
_a
NUST-CAE
_c
M
_c
23064
999
_c
282826
_d
282826